Piłkarze z największą ilością meczów z Lewandowskim w jednej drużynie - Statystyki

Ogólne statystyki
  • Ten quiz został rozwiązany 67 razy
  • Średni wynik to 7 z 10
Statystyki odpowiedzi
Liczba meczów Piłkarz % Poprawnych
296 Manuel Neuer
95%
333 Thomas Müller
95%
210 Jakub Błaszczykowski
79%
212 Łukasz Piszczek
79%
272 Joshua Kimmich
68%
267 Mats Hummels
65%
209 Jérôme Boateng
63%
265 David Alaba
53%
212 Kingsley Coman
47%
193 Thiago Alcántara
11%
Nie znaleziono quizów pasujących do podanych kryteriów
Rozkład punktacji
Procent ludzi z każdym wynikiem
Percentyl według liczby udzielonych odpowiedzi
Twoja historia wyników
Nie rozwiązałeś tego quizu